000 01575ngm a22004210a 4500
001 PT39931
003 AR-LpoUNG
005 20210201235854.0
007 vd cvaizq
008 191001s2005||||ag |||||||||||||||||spa d
037 _c$2.65
040 _aAR-LpoUNG
_bspa
_cAR-LpoUNG
_eaacr
041 _aspa
044 _aag
082 0 _a927 326pad
100 1 _aTerribili, Melina
_edir.
245 1 0 _aPadre de la chacarera
260 _aBuenos Aires :
_bMiradas al sur,
_c2005.
300 _aDVD (58 min.) : son., col.
505 0 _aFilmado y post-producido entre 2001 y 2005. - Guión, producción y dirección: Melina Terribili y Luciana Terribili. - Montaje: Ariel Direse. participan: Carlos Carabajal, Peteco Carabajal, Roxana Carabajal, Demi Carabajal, Graciela Carabajal, Zita Correa de Carabajal, Cuti Carabajal, Florencia, Nicolás y Ulises Carabajal, Coquito Lastra, el Indio Froilán y Eduardo Mercado.
520 _aPadre de la chacarera es la historia del compositor santiagueño Carlos Carabajal narrada por él mismo desde el entonces presente de su vida a los 72 años, en su ciudad natal la banda, Santiago del Estero.
650 4 _aARGENTINA
650 4 _aBIOGRAFIAS
650 4 _aCULTURA
650 4 _aCULTURA POPULAR
650 4 _aFOLKLORE
650 4 _aMUSICA
651 4 _aArgentina
653 _aCINE ARGENTINO
653 _aDOCUMENTAL
653 _aDOCUMENTAL TESTIMONIAL
653 _aDOCUMENTALES
653 _aDVD
653 _aVIDEOS
700 1 _aTerribili, Luciana
_edir.
905 _a39931
942 _cDVD
999 _c53656
_d53656